000
00268nam a2200109Ia 4500
008
220204s9999 xx 000 0 und d
082
_a
331.07
_b
HUS
100
_a
HUSBAND, J I
245
0
_a
Labour administration
260
_a
New Delhi
_b
Oxford & IBH
_c
1980
942
_c
BK
999
_c
36552
_d
36552